Oxford United Squad 2024-2025 - Statistics

General Stats
  • This quiz has been taken 34 times
  • The average score is 24 of 39
Answer Stats
# Position Nation Player % Correct
8 MF England Cameron Brannagan
90%
22 DF Jamaica Greg Leigh
86%
7 FW Poland Przemysław Płacheta
86%
23 FW Scotland Siriki Dembélé
86%
- Coach England Gary Rowett
81%
1 GK England Jamie Cumming
81%
9 FW Wales Mark Harris
81%
10 FW Scotland Matt Phillips
81%
47 DF Poland Michał Helik
81%
20 MF Portugal Rúben Rodrigues
81%
2 DF England Sam Long
81%
19 FW Ireland Tyler Goodrham
81%
3 DF Northern Ireland Ciaron Brown
76%
5 DF England Elliott Moore
76%
30 DF DR Congo Peter Kioso
76%
24 DF Netherlands Hidde ter Avest
71%
11 FW Indonesia Ole Romeny
71%
4 MF Wales Will Vaulks
71%
- Coach England Des Buckingham
67%
50 FW Wales Tom Bradshaw
67%
15 MF Tunisia Idris El Mizouni
62%
28 MF Indonesia Marselino Ferdinan
62%
44 FW England Dane Scarlett
57%
21 GK England Matt Ingram
57%
- Coach England Craig Short
52%
6 MF England Josh McEachran
52%
13 GK England Simon Eastwood
52%
44 FW England Stanley Mills
52%
12 DF England Joe Bennett
48%
18 MF England Alex Matos
43%
16 DF England Ben Nelson
43%
33 GK England Jacob Knightbridge
43%
14 MF England Louie Sibley
43%
17 FW England Owen Dale
33%
34 DF England Jordan Thorniley
29%
11 FW England Malcolm Ebiowei
29%
25 FW England Will Goodwin
24%
29 FW England Kyle Edwards
19%
27 FW England Max Woltman
10%
No matching quizzes found
Score Distribution
Percent of People with Each Score
Percentile by Number Answered
Your Score History
You have not taken this quiz